000 00613nam a22002052 4500
001 0000025070
005 20151217160134.0
008 141027s xx 000 0 eng d
020 _a0021094802 :
040 _aKABU
_cKABU
245 1 0 _aMath in my world /
_cby Douglas H. Clements.
260 _aNew York :
_bMcGraw-Hill,
_c1998.
300 _axi, 596 p.
650 0 _aArithmetic.
_@0000155105
700 1 _aClements, Douglas H.
_@0000136304
908 _a141027
950 _@1
999 _c14745
_d14745